000 00338pab a2200145 454500
008 180718b1985 xxu||||| |||| 00| 0 eng d
100 _aSodhi, Dharam Raj Singh
245 _aEthics in journalism
260 _c1985
300 _a12-14
362 _aJan.
650 _aPress
773 _aPress Council of India Review
909 _a16008
999 _c16008
_d16008